| 000 | 00814nam a22002297a 4500 | ||
|---|---|---|---|
| 003 | UA-OsUOA | ||
| 001 | 56976 | ||
| 007 | ta | ||
| 008 | 20081124b un ||||| |||| 00| 0 ukr d | ||
| 090 |
_a94 (477): 39 _bБ93 |
||
| 942 | _cBK | ||
| 040 |
_aUA-OsUOA _bukr _cUA-OsUOA _dUA-OsUOA |
||
| 245 |
_aБуття українців. Світоглядні засади українців щодо відо-етнічної програми повернення до ладу в Русі-Україні _bМатеріали ІІ науково-практичної кнференції |
||
| 300 | _a148 с. | ||
| 955 | _a1 | ||
| 041 | _aukr | ||
| 080 | _a94 (477): 39 | ||
| 020 | _a966-96621-2-5 | ||
| 260 |
_aК. _c2006 |
||
| 650 | 7 |
_a9 Географія. Біографії. Історія _2UDC |
|
| 999 |
_c343062 _d343062 |
||